Secular Witness of E.V.Mathew (Record no. 3309)

MARC details
000 -LEADER
fixed length control field 00595nam a2200241 a 4500
020 ## - INTERNATIONAL STANDARD BOOK NUMBER
ISBN
082 00 - DEWEY DECIMAL CLASSIFICATION NUMBER
Classification number 230.0954
Author Cutter CHA
100 ## - MAIN ENTRY--AUTHOR NAME
Author name Chandran, J R
245 ## - TITLE STATEMENT
Title Secular Witness of E.V.Mathew
260 ## - PUBLICATION, DISTRIBUTION, ETC. (IMPRINT)
Place of publication Bangalore
Name of publisher Christian Instt.For Study of Religion
Year of publication 1972
300 ## - PHYSICAL DESCRIPTION
Number of Pages 267p
500 ## - GENERAL NOTE
General note includes index and biblioraphy
505 2# - FORMATTED CONTENTS NOTE
Formatted contents note Thesis
650 ## - SUBJECT ADDED ENTRY--TOPICAL TERM
Topical Term Theology-India
942 ## - ADDED ENTRY ELEMENTS (KOHA)
Koha item type Books
700 1# -
-- Chandran, J R
Holdings
Collection code Home library Current library Date acquired Cost, normal purchase price Full call number Accession Number Koha item type
  Henry Martyn Institute Library Henry Martyn Institute Library 06/13/2007 10.00 230.0954 CHA 06227 Books
                   Copyright © 2026 | Henry Martyn Institute | Hyderabad | TS-500052 | INDIA | Implemented by hmi.edu.in
Hit-Count:

Powered by Koha